00486 2200181 4500001002100000005001500021035002000036007000300056008004100059020001500100082000800115084001400123100001600137245006300153250001100216260003700227300004000264INLIS00000000000723520210312022000 a0010-0321000605ta210312 g 0 ind  a9795840509 a586 a586 EDY r0 aEdy Karsono1 aRahasia Tumbuhan Primitif dan Tidak Berbiji /cEdy Karsono aCet. 1 aBandung :bSulita Bandung,c2001 aiv, 60 hlm :b.ilus ;c14,5 x 21 cm